Statystyki dla 10 Największych Miast Województwa Małopolskiego

Kliknij tutaj aby rozwiązać quiz!

Ogólne statystyki

  • Ten quiz został rozwiązany 2 321 razy
  • Średni wynik to 7 z 10

Statystyki odpowiedzi

Lp.Liczba LudnościMiasto% Poprawnych
1.779 966Kraków
99%
2.107 498Tarnów
90%
3.83 558Nowy Sącz
88%
10.26 846Zakopane
80%
7.33 257Nowy Targ
72%
4.37 569Oświęcim
63%
8.29 554Bochnia
62%
6.34 757Olkusz
47%
5.36 118Chrzanów
45%
9.26 973Gorlice
43%

Rozkład punktacji

Percentyl według liczby udzielonych odpowiedzi

Procent ludzi z każdym wynikiem

Twoja historia wyników

Nie rozwiązałeś tego quizu